| 000 | 00467nam a2200145 a 4500 | ||
|---|---|---|---|
| 001 | 3637 | ||
| 003 | CDMR | ||
| 005 | 20130116135247.0 | ||
| 008 | 130130s2001||||||||||||||||||||||||||||d | ||
| 040 |
_aCDMR _bcat _cCPC GIRONA |
||
| 100 | 1 |
_aDomènech, Fèlix _92591 |
|
| 245 | 1 | 0 |
_aTreballs i desditxas que àn succeït en lo present principat de Chatalunya y en particular a nostre Bisbat de Gerona (1674-1700) _cDomènech, Fèlix |
| 260 |
_c2001 _bCCG Edicions |
||
| 942 | _cMON | ||
| 999 |
_c3637 _d3637 |
||